1032 1174 1312 1157 1072 1542 1649 1981 1241 1283 1546 1328 1054 1307 1748 1139 1675 1460 1041 1697 1768 1610 1281 1938 1790 1060 1343 1652 1487 1461 1813 1015 1914 1474 1091 1068 1410 1276 1269 1213 1434 1395 1663 1174 1006 1384 1235 1306 1875 1103 1951 1826 1851 1051 1316 1179 1539 1528 1622 1351 1337 1448 1135 1722 1534 1977 1998 1845 1905 1969 1162 1972 1722 1904 1202 1973 1991 1111 1174 1135 1658 1193 1915 1504 1935 1040 1620 1799 1512 1685 1957 1253 1077 1073 1198 1961 1321 1512 1191 BCNSPRNW ULIB Ver.6.0+V

เปลี่ยนเป็นภาษาไทย

Change to English
 แสดงรายละเอียดบรรณานุกรม
  กลับหน้าหลัก

Brief Record : Get Marc (ISO 2709) : E-mail record : QR code < ปิดหน้าต่าง
LEADER : 00000nam 2200000uu 4500
001    13399123058
003     ULIB
008    131219s||||||||th 000 0 tha d
020    ^a9749984854
090    ^aนว.^bณ111ล 2549
100 0  ^aฌามิวอาห์
245 00 ^aลานแก้ว...มันตรา/^cฌามิวอาห์
250    ^aพิมพ์ครั้งที่ 1
260    ^aกรุงเทพฯ :^bแจ่มใส^c2549
300    ^a349 หน้า
710 1  ^aแจ่มใส
945    ^p219^l0^i019598
999    ^aเกษร โพธิ์สุวรรณ
รายการนี้ยังไม่มีแท็ก
คุณยังไม่ได้ล็อกอิน คุณสามารถมีกิจกรรมร่วมกับเว็บไซต์ได้ แต่ต้องล็อกอินก่อน ::
  ล็อกอิน

รายการสื่อสารสนเทศ

ลำดับที่ ประเภท เลขเรียก/บาร์โค้ด สถานที่ สถานะ
1. วิทยาศาสตร์การแพทย์ และสุขภาพ
วิทยาศาสตร์การแพทย์ และสุขภาพ
นว. ณ111ล 2549  
  Barcode: 019598
ห้องสมุดวิทยาเขตสวรรค์ประชารักษ์
►หนังสือทั่วไป
บนชั้น

รายการใกล้เคียง
    ผู้แต่ง [ฌามิวอาห์]

BibComment


ยังไม่เคยถูกคอมเมนท์

คอมเมนท์ทรัพยากรรายการนี้
  คอมเมนท์: ลานแก้วมันตรา ฌา..


 Copyright 2026. Bcnsprnw @Library